[Event "31. DSenEM2019 Gruppe 65+"]
[Site "Radebeul"]
[Date "2019.05.04"]
[Round "9.53"]
[White "Strehlow, Horst"]
[Black "Schmidt, Hans-Gerd"]
[Result "1/2-1/2"]
[BlackElo "1850"]
[BlackTeam "TuS Coswig"]
[EventDate "2019.??.??"]
[PlyCount "43"]
[WhiteElo "1946"]

1. e4 g6 2. d4 Bg7 3. Nc3 d6 4. f4 Nf6 5. Nf3 O-O 6. e5 Nfd7 7. Ne4 Nb6 8. Bd3
Bg4 9. h3 Bxf3 10. Qxf3 Nc6 11. c3 dxe5 12. fxe5 Bxe5 13. Bh6 Bg7 14. Bxg7 Kxg7
15. O-O-O Nd5 16. Bc4 Na5 17. Bxd5 Qxd5 18. Kb1 Nc4 19. b3 Nd6 20. Rhe1 Nxe4
21. Qxe4 Qxe4+ 22. Rxe4  1/2-1/2

[Event "31. DSenEM2019 Gruppe 65+"]
[Site "Radebeul"]
[Date "2019.05.04"]
[Round "9.54"]
[White "Höhne, Peter"]
[Black "Mertens, Gottfried"]
[Result "0-1"]
[BlackElo "1782"]
[BlackTeam "SK Weinheim"]
[EventDate "2019.??.??"]
[PlyCount "125"]
[WhiteElo "1925"]
[WhiteTeam "SG Hohndorf"]

1. e4 e6 2. d4 d5 3. e5 c5 4. c3 Qb6 5. Nf3 Bd7 6. dxc5 Bxc5 7. Nd4 Bxd4 8. Qxd4
Qxd4 9. cxd4 Nc6 10. Be3 Nb4 11. Kd2 Rc8 12. Nc3 Ne7 13. a3 Nbc6 14. Bd3 Na5
15. Raf1 a6 16. Bg5 Nc4+ 17. Kc2 Nc6 18. Bxc4 Nxd4+ 19. Kd3 Rxc4 20. Ne4 Nb5
21. Nd2 Rc8 22. Be3 O-O 23. Nb3 Bc6 24. Rc1 d4 25. Bd2 Bxg2 26. Rhg1 Rxc1 27.
Nxc1 Bh3 28. f3 Bf5+ 29. Ke2 Rc8 30. a4 Nc7 31. Nd3 Nd5 32. h4 h5 33. Ra1 Rc2
34. Rb1 Kf8 35. Rd1 Ke8 36. a5 Bxd3+ 37. Kxd3 Rxb2 38. Kxd4 Rb5 39. Kc4 Ne7 40.
Rc1 Nc6 41. f4 Ke7 42. Ra1 f6 43. exf6+ gxf6 44. Bc3 e5 45. Rg1 Ke6 46. Rg6
Nxa5+ 47. Kd3 Nc6 48. Rh6 a5 49. Kc4 Rb1 50. Rxh5 a4 51. Rh8 b5+ 52. Kc5 Nd4
53. h5 Rc1 54. Kb4 Ne2 55. Bb2 Rb1 56. Ka3 Nd4 57. Ka2 Rxb2+ 58. Ka1 Rh2 59. h6
exf4 60. h7 Kf5 61. Rb8 Rxh7 62. Rxb5+ Ke4 63. Ra5  0-1

[Event "31. DSenEM2019 Gruppe 65+"]
[Site "Radebeul"]
[Date "2019.05.04"]
[Round "9.55"]
[White "Jacob, Barbara"]
[Black "Blosze, Winfried"]
[Result "1-0"]
[BlackElo "1914"]
[BlackTeam "SV Großauheim"]
[EventDate "2019.??.??"]
[PlyCount "99"]
[WhiteElo "1776"]
[WhiteTeam "SK Ochtrup"]

1. e4 e5 2. Bc4 Nf6 3. d4 exd4 4. Nf3 d5 5. exd5 Nxd5 6. O-O Nb6 7. Re1+ Be7 8.
Bb3 c5 9. Ne5 c4 10. Nxc4 Nxc4 11. Bxc4 O-O 12. Qe2 Bf6 13. Bd3 Nc6 14. Bd2 Ne5
15. Bb4 Nxd3 16. cxd3 Be6 17. Bxf8 Qxf8 18. Nd2 g6 19. Ne4 Bg7 20. Ng5 Bd5 21.
Qg4 h6 22. Nf3 Qb4 23. Re2 Be6 24. Qg3 Qb5 25. Ne5 Rc8 26. Nxg6 Rc5 27. h4 Qd7
28. Nf4 Bg4 29. Ree1 Kh7 30. f3 Bf5 31. Nh5 Bh8 32. Rac1 Rxc1 33. Rxc1 Qe7 34.
Re1 Qd7 35. Rc1 Qe6 36. Qe1 Bxd3 37. Qxe6 fxe6 38. Rc7+ Kg8 39. Nf4 Bf5 40.
Rxb7 e5 41. Ne2 Bf6 42. g3 Kf8 43. Kf2 Be7 44. Ke1 Bc5 45. Kd2 Bb1 46. a3 d3
47. Nc3 Bc2 48. Ne4 Bb6 49. b4 Bd4 50. Rh7  1-0

[Event "31. DSenEM2019 Gruppe 65+"]
[Site "Radebeul"]
[Date "2019.05.04"]
[Round "9.56"]
[White "Prause, Dieter"]
[Black "Werl, Ralf-Dieter"]
[Result "0-1"]
[BlackElo "1904"]
[BlackTeam "SV Motor Hainichen"]
[EventDate "2019.??.??"]
[PlyCount "62"]
[WhiteElo "1760"]
[WhiteTeam "SK Delbrück"]

1. c4 e6 2. Nf3 d5 3. e3 Nf6 4. Be2 dxc4 5. Bxc4 Bd6 6. Nc3 O-O 7. O-O a6 8. d4
Nbd7 9. Qc2 e5 10. Ne4 Nxe4 11. Qxe4 Nf6 12. Qc2 exd4 13. exd4 Re8 14. Bg5 Bg4
15. Qb3 Qd7 16. Bxf6 gxf6 17. h3 Bh5 18. Rfe1 b5 19. Bd3 Rxe1+ 20. Rxe1 Re8 21.
Rd1 Kh8 22. Bf1 Rg8 23. Kh1 Qc6 24. Rd3 Qc1 25. Rd1 Qf4 26. Qe3 Qxe3 27. fxe3
Bg3 28. Rc1 Re8 29. Rc3 Bg6 30. a3 Kg7 31. Nd2 Be1  0-1

[Event "31. DSenEM2019 Gruppe 65+"]
[Site "Radebeul"]
[Date "2019.05.04"]
[Round "9.57"]
[White "Rache, Ralf"]
[Black "Gafke, Manfred"]
[Result "1/2-1/2"]
[BlackElo "1765"]
[BlackTeam "SV Lok Dresden"]
[EventDate "2019.??.??"]
[PlyCount "60"]
[WhiteElo "1903"]
[WhiteTeam "Aachener SV"]

1. e4 d5 2. exd5 Qxd5 3. Nc3 Qd8 4. d4 c6 5. Bc4 Bf5 6. Nf3 h6 7. Ne5 e6 8. O-O
Nf6 9. Ne2 Bd6 10. c3 O-O 11. Ng3 Bh7 12. f4 Nbd7 13. Qe2 Nb6 14. Bb3 Qc7 15.
Bd2 Rad8 16. f5 exf5 17. Nxf5 Bxf5 18. Rxf5 Bxe5 19. Rxe5 Rfe8 20. Bf4 Qd7 21.
Re1 Rxe5 22. dxe5 Nfd5 23. Bg3 Re8 24. Bc2 g6 25. Qd2 Kg7 26. b3 Nc7 27. Qf2
Ne6 28. Bh4 Qd5 29. Qf6+ Kg8 30. Rf1 Nf8  1/2-1/2

[Event "31. DSenEM2019 Gruppe 65+"]
[Site "Radebeul"]
[Date "2019.05.04"]
[Round "9.59"]
[White "Gabriel, Rolf"]
[Black "Schmitt, Karl"]
[Result "1-0"]
[BlackElo "1884"]
[BlackTeam "Bergische SF"]
[EventDate "2019.??.??"]
[PlyCount "59"]
[WhiteElo "1726"]
[WhiteTeam "SV Ottendorf-Okrilla"]

1. d4 Nf6 2. c4 g6 3. Nc3 Bg7 4. e4 d6 5. f4 O-O 6. Nf3 c5 7. d5 e6 8. e5 dxe5
9. fxe5 Ng4 10. Bg5 Qa5 11. Be2 f6 12. exf6 Nxf6 13. O-O Qb6 14. Rb1 h6 15. Be3
Na6 16. Qc2 Ng4 17. Bxh6 Nxh6 18. Ng5 exd5 19. Rxf8+ Bxf8 20. Nxd5 Qd6 21. Rf1
Bf5 22. Bd3 Bg7 23. Bxf5 Nxf5 24. g4 Nd4 25. Qe4 Rf8 26. Ne7+ Kh8 27. Nxg6+ Kg8
28. Nxf8 Qh6 29. Qd5+ Kh8 30. Nf7+  1-0

[Event "31. DSenEM2019 Gruppe 65+"]
[Site "Radebeul"]
[Date "2019.05.04"]
[Round "9.60"]
[White "Raitza, Egon"]
[Black "Dötzel, Hartwig"]
[Result "1/2-1/2"]
[Annotator "lenovo"]
[BlackElo "1877"]
[BlackTeam "USV TU Dresden"]
[EventDate "2019.??.??"]
[PlyCount "62"]
[WhiteElo "1704"]
[WhiteTeam "SSC Rostock"]

1. d4 d5 2. c4 e6 3. Nc3 c6 4. cxd5 exd5 5. Nf3 Nf6 6. Bg5 Be7 7. e3 O-O 8. Qc2
Nbd7 9. Bd3 Re8 10. O-O Nf8 11. h3 Be6 12. Rab1 Nh5 13. Bxe7 Qxe7 14. b4 a6 15.
Na4 g6 16. Nc5 Ng7 17. a3 Bf5 18. Rfe1 Bxd3 19. Qxd3 Nge6 20. Rec1 Nxc5 21.
bxc5 Rac8 22. Rb3 Rc7 23. Rcb1 f6 24. a4 Qd7 25. a5 Kg7 26. Rb6 Re7 27. Re1 Qe6
28. Rb2 Qe4 29. Qxe4 Rxe4 30. Nd2 Ree7 31. Reb1 Ne6 { ( = )}   1/2-1/2

[Event "31. DSenEM2019 Gruppe 65+"]
[Site "Radebeul"]
[Date "2019.05.04"]
[Round "9.61"]
[White "Reeh, Axel"]
[Black "Görden, Hans-Jürgen"]
[Result "1/2-1/2"]
[BlackElo "1863"]
[BlackTeam "SV Lok Dresden"]
[EventDate "2019.??.??"]
[PlyCount "57"]
[WhiteElo "1694"]
[WhiteTeam "Bremer SG"]

1. Nf3 Nf6 2. d4 d5 3. g3 g6 4. Bg2 Bg7 5. O-O O-O 6. c3 Nc6 7. Bg5 Re8 8. Re1
Ne4 9. Be3 Nd6 10. b3 Be6 11. Ng5 Qd7 12. Nxe6 fxe6 13. Bc1 Rad8 14. e3 Nb8 15.
Bb2 c6 16. Nd2 e5 17. dxe5 Bxe5 18. Nf3 Bf6 19. Qc2 Qf5 20. Qe2 e5 21. Rad1 Qe6
22. Qf1 g5 23. h3 Nd7 24. Nh2 Nc5 25. Qe2 e4 26. Ng4 Bg7 27. Rf1 Nd3 28. Bc1 b6
29. Qc2  1/2-1/2

[Event "31. DSenEM2019 Gruppe 65+"]
[Site "Radebeul"]
[Date "2019.05.04"]
[Round "9.62"]
[White "Klein, Reinhard"]
[Black "Kurpiela, Franz"]
[Result "0-1"]
[BlackElo "1731"]
[BlackTeam "TSG Öhringen"]
[EventDate "2019.??.??"]
[PlyCount "54"]
[WhiteElo "1863"]
[WhiteTeam "Münchener SC"]

1. Nf3 Nf6 2. d4 e6 3. Bg5 Be7 4. c4 d5 5. Nc3 h6 6. Bf4 O-O 7. e3 Bb4 8. a3
Bxc3+ 9. bxc3 b6 10. Bd3 Nbd7 11. O-O Bb7 12. Ne5 dxc4 13. Bxc4 Nxe5 14. Bxe5
Nd7 15. Bg3 Nf6 16. f3 Rc8 17. Qe2 c5 18. Rfd1 Nd5 19. Rac1 Qg5 20. f4 Qe7 21.
Bd3 cxd4 22. cxd4 Nc3 23. Qb2 Nxd1 24. Rxd1 Qc7 25. Be1 Qc6 26. Rb1 f5 27. Bc3
Qxc3  0-1

[Event "31. DSenEM2019 Gruppe 65+"]
[Site "Radebeul"]
[Date "2019.05.04"]
[Round "9.63"]
[White "Dellos, Peter"]
[Black "Wawrinsky, Ludwig"]
[Result "0-1"]
[BlackElo "1676"]
[BlackTeam "SK Neuperlach"]
[EventDate "2019.??.??"]
[PlyCount "150"]
[WhiteElo "1858"]
[WhiteTeam "SK Ricklingen"]

1. e4 e6 2. d4 b6 3. Bd3 Bb7 4. Nf3 d6 5. O-O Nd7 6. Nbd2 g6 7. c3 Bg7 8. Re1
Ne7 9. Nf1 O-O 10. Bg5 Bf6 11. Bxf6 Nxf6 12. Ng3 Kg7 13. Nd2 e5 14. h4 Bc8 15.
Be2 Bd7 16. Nf3 Nc6 17. d5 Ne7 18. Nd2 Qc8 19. Rf1 Ng4 20. Bxg4 Bxg4 21. f3 Bd7
22. f4 f6 23. Qf3 Bg4 24. Qe3 h5 25. Rf2 Qa6 26. a3 Qb5 27. b4 a5 28. a4 Qd7
29. b5 Rae8 30. Raf1 f5 31. fxe5 dxe5 32. exf5 Nxf5 33. Nxf5+ Bxf5 34. c4 Qe7
35. g3 e4 36. Re1 Qd8 37. Rfe2 Qf6 38. Qf4 Qd4+ 39. Qe3 Qf6 40. Rf2 Qd8 41.
Qd4+ Qf6 42. Qxf6+ Rxf6 43. Rfe2 Rf7 44. Nxe4 Rfe7 45. Nc3 Rxe2 46. Rxe2 Rxe2
47. Nxe2 Bd3 48. Nd4 Kf6 49. Ne6 Bxc4 50. Nxc7 Ke5 51. Na8 Bxd5 52. Nxb6 Bb3
53. Kf2 Kd6 54. Na8 Bxa4 55. b6 Bc6 56. Nc7 a4 57. Na6 a3 58. Nb4 Kc5 59. Nc2
a2 60. Ke3 Kc4 61. Kd2 Kb5 62. Kc1 Kxb6 63. Kb2 Bd5 64. Nb4 Kc5 65. Nd3+ Kd4
66. Nf4 Bf7 67. Nh3 Ke3 68. Ng5 Bg8 69. Ka1 Bd5 70. Nh7 Kf3 71. Nf8 Bf7 72. Nd7
Kxg3 73. Ne5 Be8 74. Kxa2 Kxh4 75. Kb2 Kg3  0-1

[Event "31. DSenEM2019 Gruppe 65+"]
[Site "Radebeul"]
[Date "2019.05.04"]
[Round "9.64"]
[White "Baumast, Bernd"]
[Black "Geibel, Henning"]
[Result "1/2-1/2"]
[BlackElo "1392"]
[BlackTeam "SV Bargteheide"]
[EventDate "2019.??.??"]
[PlyCount "36"]
[WhiteElo "1534"]
[WhiteTeam "SV Bad Oldesloe"]

1. e4 e5 2. Nf3 Nc6 3. c3 Nf6 4. Bc4 h6 5. d4 exd4 6. cxd4 Nxe4 7. Qe2 d5 8. Bd3
Bb4+ 9. Bd2 O-O 10. Bxe4 Bxd2+ 11. Nbxd2 dxe4 12. Nxe4 Re8 13. O-O Bg4 14. h3
Bxf3 15. Qxf3 Qxd4 16. Rfd1 Qxe4 17. Qxe4 Rxe4 18. Rd7 Re7  1/2-1/2

[Event "31. DSenEM2019 Gruppe 65+"]
[Site "Radebeul"]
[Date "2019.05.04"]
[Round "9.66"]
[White "Kempe, Rainer"]
[Black "Peter, Volkhard"]
[Result "1/2-1/2"]
[BlackElo "1723"]
[BlackTeam "SV Einheit Schwerin"]
[EventDate "2019.??.??"]
[PlyCount "58"]
[WhiteElo "1991"]
[WhiteTeam "SV Lok Dresden"]

1. d4 Nf6 2. c4 e5 3. dxe5 Ng4 4. Nf3 Bc5 5. e3 Nc6 6. Bd2 Ngxe5 7. Bc3 d6 8. a3
Bg4 9. Be2 Bxf3 10. Bxf3 Nxf3+ 11. Qxf3 O-O 12. Qg3 f6 13. Nd2 Ne5 14. h4 Nd3+
15. Ke2 Ne5 16. h5 Qd7 17. Rh4 Rae8 18. Rd1 b5 19. Ne4 Qe6 20. b4 Qxc4+ 21. Kd2
Qa2+ 22. Ke1 Bb6 23. Rd2 Qb1+ 24. Ke2 Kh8 25. h6 g6 26. Nxf6 Rxf6 27. f4 Qf5
28. Rh1 Qg4+ 29. Qxg4 Nxg4  1/2-1/2

[Event "31. DSenEM2019 Gruppe 65+"]
[Site "Radebeul"]
[Date "2019.05.04"]
[Round "9.67"]
[White "Wolter, Günter"]
[Black "Krüger, Bernhard"]
[Result "1-0"]
[BlackElo "1717"]
[BlackTeam "SC Grunbach"]
[EventDate "2019.??.??"]
[PlyCount "61"]
[WhiteElo "1849"]
[WhiteTeam "TSG Neustrelitz"]

1. e4 c5 2. Nc3 Nc6 3. g3 g6 4. Bg2 Bg7 5. d3 Nf6 6. f4 d6 7. Nf3 O-O 8. O-O Bg4
9. h3 Bxf3 10. Bxf3 e6 11. Be3 a6 12. Ne2 Qc7 13. c3 Rad8 14. g4 b6 15. Qa4 Nb8
16. Qc2 Ne8 17. Ng3 Qc8 18. Qh2 Nc7 19. h4 d5 20. e5 f6 21. d4 cxd4 22. cxd4
Rf7 23. Rac1 Qd7 24. Rc2 Rdf8 25. Rfc1 Qd8 26. Be2 Re8 27. g5 fxe5 28. fxe5
Ree7 29. h5 Bf8 30. Kg2 Rd7 31. Rh1  1-0

[Event "31. DSenEM2019 Gruppe 65+"]
[Site "Radebeul"]
[Date "2019.05.04"]
[Round "9.68"]
[White "Hellwege, Werner"]
[Black "Pöltelt, Helmut"]
[Result "0-1"]
[Annotator "lenovo"]
[BlackElo "1711"]
[BlackTeam "SC Eintracht Berlin"]
[EventDate "2019.??.??"]
[PlyCount "50"]
[WhiteElo "1845"]
[WhiteTeam "HSK Lister Turm"]

1. d4 Nf6 2. Nf3 d5 3. c4 Bf5 4. Nc3 e6 5. g3 Nbd7 6. Bg2 c6 7. cxd5 exd5 8. O-O
Bd6 9. Re1 O-O 10. Nh4 Be6 11. Qd3 c5 12. dxc5 Nxc5 13. Qd4 Ncd7 14. Nxd5 Nxd5
15. Bxd5 Bc5 16. Qc4 Rc8 17. Qb3 Qf6 18. Rf1 Bh3 19. Ng2 b6 20. Qf3 Qe7 21. Re1
Ne5 22. Qh5 Bg4 23. Qh4 Qd7 24. Nf4 Be7 25. Rd1 Bxh4  0-1

[Event "31. DSenEM2019 Gruppe 65+"]
[Site "Radebeul"]
[Date "2019.05.04"]
[Round "9.69"]
[White "Narr, Irmgard"]
[Black "Lekakh, Mikhail"]
[Result "1/2-1/2"]
[BlackElo "1841"]
[BlackTeam "Oberbilker SV"]
[EventDate "2019.??.??"]
[PlyCount "79"]
[WhiteElo "1708"]
[WhiteTeam "SC Mühlhof-Reichelsdorf"]

1. e4 c6 2. Nf3 d5 3. exd5 cxd5 4. d4 Nc6 5. c3 Bg4 6. Bf4 e6 7. Nbd2 Bd6 8.
Bxd6 Qxd6 9. Qc2 Bf5 10. Bd3 Bxd3 11. Qxd3 Nf6 12. O-O O-O 13. Rfe1 a6 14. Ne5
Rac8 15. h3 Na5 16. a3 b5 17. Rab1 Nc4 18. Ndxc4 bxc4 19. Qd1 Nd7 20. Qg4 Rb8
21. h4 Nxe5 22. dxe5 Qe7 23. h5 h6 24. f4 f5 25. exf6 Rxf6 26. g3 Rb6 27. Kh2
Qf7 28. Re5 Qb7 29. Qe2 Qf7 30. Qe3 Rb7 31. Qc5 Qc7 32. Qe3 Qf7 33. Qe2 Rb6 34.
Qf2 Qb7 35. Qc2 Qf7 36. Qf2 Rb7 37. Qc5 Kh7 38. Qf2 Rf5 39. Qe2 Rb6 40. Kg2 
1/2-1/2

[Event "31. DSenEM2019 Gruppe 65+"]
[Site "Radebeul"]
[Date "2019.05.04"]
[Round "9.70"]
[White "Huber, Helmut"]
[Black "Andrasch, Peter"]
[Result "1-0"]
[BlackElo "1740"]
[BlackTeam "SF Nordost Berlin"]
[EventDate "2019.??.??"]
[PlyCount "97"]
[WhiteElo "1652"]
[WhiteTeam "Brackweder SK"]

1. d4 d5 2. Nf3 Bf5 3. c4 c6 4. Nc3 h6 5. cxd5 cxd5 6. Qb3 e6 7. Qxb7 Nd7 8. Bf4
Be7 9. e3 Ngf6 10. Bc7 Qc8 11. Ba6 O-O 12. Qxc8 Raxc8 13. Bxc8 Rxc8 14. Ba5 Bd3
15. Kd2 Ba6 16. Rhc1 Nb8 17. Ne5 Bd6 18. f4 g6 19. Nd1 Ne4+ 20. Ke1 Rf8 21. Nf2
Nf6 22. Nfd3 g5 23. g3 gxf4 24. gxf4 Ne4 25. Nc5 Bb5 26. a4 Be8 27. Nb7 Be7 28.
Ke2 f6 29. Rg1+ Kh7 30. Nd3 Bh5+ 31. Ke1 f5 32. Ne5 Rc8 33. Rg2 Bh4+ 34. Kf1
Be8 35. Nd6 Nc6 36. Nxe8 Nxe5 37. fxe5 Rxe8 38. Rc1 Re7 39. Bd8 Rf7 40. Bxh4 f4
41. exf4 Rxf4+ 42. Bf2 Nd2+ 43. Ke2 Ne4 44. Rc7+ Kh8 45. Ke3 Rf5 46. Bh4 Ng5
47. Bxg5 hxg5 48. Rg3 a6 49. Rf3  1-0

[Event "31. DSenEM2019 Gruppe 65+"]
[Site "Radebeul"]
[Date "2019.05.04"]
[Round "9.71"]
[White "Ollek, Karl-Heinz"]
[Black "Hülle, Gunter"]
[Result "1/2-1/2"]
[Annotator "lenovo"]
[BlackElo "1736"]
[BlackTeam "SV Springer Leipzig"]
[EventDate "2019.??.??"]
[PlyCount "49"]
[WhiteElo "1626"]
[WhiteTeam "SC Friesen Lichtenberg"]

1. c4 Nf6 2. Nc3 g6 3. Nf3 d6 4. g3 e5 5. d3 c6 6. Bg2 Bg7 7. O-O O-O 8. Bg5 h6
9. Bxf6 Bxf6 10. Nd2 Bg7 11. Rc1 Be6 12. b4 d5 13. cxd5 cxd5 14. Nb3 b6 15. Nb5
Na6 16. a3 Qd7 17. Nc3 Rac8 18. e4 d4 19. Nd5 Rxc1 20. Nxc1 Bxd5 21. exd5 Nc7
22. Qb3 Rd8 23. f4 Nxd5 24. fxe5 Bxe5 25. Rf2 { ( = )}   1/2-1/2

[Event "31. DSenEM2019 Gruppe 65+"]
[Site "Radebeul"]
[Date "2019.05.04"]
[Round "9.72"]
[White "Walther, Reinhard"]
[Black "Portsch, Claudius"]
[Result "1-0"]
[BlackElo "1659"]
[BlackTeam "BSV Chemie Radebeul"]
[EventDate "2019.??.??"]
[PlyCount "41"]
[WhiteElo "2042"]
[WhiteTeam "SK Herzogenaurach"]

1. d4 d6 2. e4 Nd7 3. Nc3 c6 4. Be2 g6 5. Be3 Bg7 6. Qd2 Ngf6 7. f4 O-O 8. Nf3
Re8 9. e5 Ng4 10. Bg1 Nf8 11. h3 Nh6 12. g4 Qc7 13. O-O-O a5 14. Be3 b5 15. f5
gxf5 16. Bxh6 dxe5 17. Bxg7 Kxg7 18. Qg5+ Kh8 19. Nxe5 Be6 20. Qf4 Qc8 21. gxf5
 1-0

[Event "31. DSenEM2019 Gruppe 65+"]
[Site "Radebeul"]
[Date "2019.05.04"]
[Round "9.73"]
[White "Thonig, Manfred"]
[Black "Klimpel, Siegfried"]
[Result "0-1"]
[Annotator "lenovo"]
[BlackElo "1856"]
[BlackTeam "TSV Kareth-Lappersdorf"]
[EventDate "2019.??.??"]
[PlyCount "68"]
[WhiteElo "1564"]

1. f4 Nf6 2. Nf3 c5 3. e3 a6 4. Be2 Nc6 5. O-O d6 6. b3 g6 7. Bb2 Bg7 8. Qe1 Bf5
9. Na3 O-O 10. d3 Bg4 11. h3 Bxf3 12. Rxf3 d5 13. c4 d4 14. e4 e5 15. f5 Rb8
16. Rd1 Nb4 17. Bc1 Qd6 18. Rg3 Nxa2 19. Bd2 Nb4 20. Bg5 Kh8 21. Qd2 Ne8 22.
Rf1 f6 23. Bh6 g5 24. Bxg5 fxg5 25. Qxg5 { ( = )}  25... Bh6 26. Qg4 Bf4 27.
Rgf3 Qh6 28. h4 Nf6 29. Qh3 Rg8 30. Kh1 Rg4 31. g3 Bxg3 32. Rxg3 Rxh4 33. Rff3
Rxh3+ 34. Rxh3 Qc1+  0-1

[Event "31. DSenEM2019 Gruppe 65+"]
[Site "Radebeul"]
[Date "2019.05.04"]
[Round "9.74"]
[White "Mortensen, Manfred"]
[Black "Lichtblau, Ernst"]
[Result "1/2-1/2"]
[BlackElo "1729"]
[BlackTeam "Brühler SK"]
[EventDate "2019.??.??"]
[PlyCount "75"]
[WhiteElo "1657"]
[WhiteTeam "BSV Chemie Radebeul"]

1. Nf3 Nf6 2. g3 g6 3. Bg2 Bg7 4. d4 O-O 5. Bg5 Ne4 6. c3 Nxg5 7. Nxg5 e5 8. Nf3
e4 9. Ne5 d6 10. Nc4 Re8 11. e3 d5 12. Ncd2 c6 13. O-O Na6 14. b4 Nc7 15. a4
Be6 16. Na3 Qd7 17. Nc2 Bh3 18. Nb3 Bxg2 19. Kxg2 b6 20. Qe2 Ne6 21. h4 h5 22.
a5 b5 23. f4 exf3+ 24. Rxf3 f5 25. Raf1 Re7 26. Nc5 Nxc5 27. bxc5 Rae8 28. Qd3
Bh6 29. Re1 Re4 30. Kf2 Rg4 31. Nb4 Qc7 32. a6 Rge4 33. Nc2 Rg4 34. Rd1 Ree4
35. Rg1 Re6 36. Rg2 Rge4 37. Rg1 Qe7 38. Rh1  1/2-1/2

[Event "31. DSenEM2019 Gruppe 65+"]
[Site "Radebeul"]
[Date "2019.05.04"]
[Round "9.75"]
[White "Nowack, Achim"]
[Black "Deak-Willimsky, Emanuela"]
[Result "1-0"]
[BlackElo "1506"]
[BlackTeam "SF Furtwangen-Vöhrenbach"]
[EventDate "2019.??.??"]
[PlyCount "63"]
[WhiteElo "1696"]
[WhiteTeam "SK Kaltenkirchen"]

1. e4 c5 2. d3 Nc6 3. f4 d6 4. c3 Bd7 5. Be2 e5 6. Nf3 h6 7. O-O Qe7 8. Na3
O-O-O 9. Nc4 Kb8 10. fxe5 Nxe5 11. Nfxe5 dxe5 12. Nxe5 Be6 13. Bf4 Kc8 14. Qa4
a6 15. d4 Nf6 16. d5 Bd7 17. Qc2 g5 18. Nc4 gxf4 19. Rxf4 Bg7 20. Raf1 Kb8 21.
e5 Nxd5 22. Rxf7 Qg5 23. h4 Ne3 24. hxg5 Nxc2 25. Rxg7 hxg5 26. Rff7 Bc6 27.
Bf3 Bxf3 28. gxf3 Rd1+ 29. Kg2 Ne1+ 30. Kg3 Nd3 31. Rxb7+ Kc8 32. Nd6+  1-0

[Event "31. DSenEM2019 Gruppe 65+"]
[Site "Radebeul"]
[Date "2019.05.04"]
[Round "9.76"]
[White "Rudolph, Karl-Heinz"]
[Black "Hoose, Hannelore"]
[Result "1/2-1/2"]
[BlackElo "1674"]
[BlackTeam "SC Vahr"]
[EventDate "2019.??.??"]
[PlyCount "51"]
[WhiteElo "1642"]
[WhiteTeam "SV Irxleben"]

1. e4 e6 2. d4 d5 3. Nc3 Bb4 4. e5 c5 5. a3 cxd4 6. axb4 dxc3 7. bxc3 Ne7 8. Bd3
Qc7 9. Ne2 Qxe5 10. Bf4 Qf6 11. Qd2 e5 12. Bg5 Qe6 13. Bb5+ Bd7 14. Bxd7+ Nxd7
15. O-O O-O 16. Bxe7 Qxe7 17. Qxd5 Nb6 18. Qb3 Rfe8 19. Ng3 Qe6 20. Qxe6 Rxe6
21. Rad1 Rc6 22. Rd3 a6 23. Rfd1 f6 24. Nf5 Re6 25. Rd8+ Re8 26. Rxe8+  1/2-1/2

[Event "31. DSenEM2019 Gruppe 65+"]
[Site "Radebeul"]
[Date "2019.05.04"]
[Round "9.77"]
[White "Richter, Stefan"]
[Black "Baensch, Frank"]
[Result "1/2-1/2"]
[Annotator "lenovo"]
[BlackElo "1713"]
[BlackTeam "Schach macht fit"]
[EventDate "2019.??.??"]
[PlyCount "93"]
[WhiteElo "1631"]
[WhiteTeam "SZ Langenberg"]

1. e4 c5 2. Bc4 e6 3. Nc3 Nc6 4. Nf3 d6 5. a3 a6 6. Be2 Nf6 7. d3 b5 8. Na2 h6
9. c3 e5 10. h3 Be6 11. b3 d5 12. exd5 Bxd5 13. c4 Be6 14. Bb2 Qc7 15. O-O Bd6
16. Qc2 Rd8 17. Nc3 Qb7 18. Nd2 Nd4 19. Qd1 Bd7 20. Nde4 Nxe4 21. Nxe4 Be7 22.
Bxd4 exd4 23. Bf3 Bc6 24. Re1 O-O 25. Rc1 Qc7 26. Rc2 Rfe8 27. Rce2 Kf8 28. Rc2
Bd7 29. Qc1 Bf5 30. Qd1 Qa5 31. Qc1 Be6 32. Kf1 Qc7 33. Qd1 Bd6 34. Bg4 f5 35.
Bh5 fxe4 36. Bxe8 Rxe8 37. Rxe4 Qf7 38. Kg1 Bd7 39. Rce2 Rxe4 40. Rxe4 Bf5 41.
Re2 Qg6 42. Qe1 Bxh3 43. g3 Bf5 44. cxb5 axb5 45. Qa5 Bd7 46. Qd8+ Be8 47.
Rxe8+ { ( = )}   1/2-1/2

[Event "31. DSenEM2019 Gruppe 65+"]
[Site "Radebeul"]
[Date "2019.05.04"]
[Round "9.78"]
[White "Schumacher, Ursula"]
[Black "Ritter, Fred"]
[Result "1-0"]
[BlackElo "1706"]
[BlackTeam "BSV Chemie Radebeul"]
[EventDate "2019.??.??"]
[PlyCount "87"]
[WhiteElo "1507"]
[WhiteTeam "HTC Bad Neuenahr"]

1. c4 Nf6 2. Nf3 g6 3. d4 Bg7 4. g3 c6 5. Nc3 e6 6. Bg2 d5 7. c5 Nbd7 8. Bf4 O-O
9. O-O Re8 10. Ne5 Nf8 11. Qd2 N6d7 12. Nd3 f6 13. Bh6 Bh8 14. Bf4 g5 15. Bd6
Ng6 16. Rae1 b5 17. b4 a5 18. a3 e5 19. f3 Ndf8 20. Nf2 Bf5 21. e4 Be6 22. Ne2
Ne7 23. Ng4 Bg7 24. dxe5 Bxg4 25. fxg4 fxe5 26. Qxg5 d4 27. Bxe5 Ne6 28. Qh5 d3
29. Qf7+ Kh8 30. Qxe6 Bxe5 31. Qxe5+ Kg8 32. Qg5+ Ng6 33. Qxd8 Raxd8 34. Nf4 d2
35. Rd1 axb4 36. axb4 Ne5 37. Rf2 Nc4 38. Re2 Re5 39. h4 Kf7 40. g5 Rd4 41. Kf2
Ke7 42. g6 hxg6 43. Nxg6+ Kf6 44. Nxe5  1-0

[Event "31. DSenEM2019 Gruppe 65+"]
[Site "Radebeul"]
[Date "2019.05.04"]
[Round "9.79"]
[White "Briesemeister, Klaus"]
[Black "Girod, Gudrun"]
[Result "1/2-1/2"]
[BlackElo "1487"]
[BlackTeam "Hannover 96"]
[EventDate "2019.??.??"]
[PlyCount "41"]
[WhiteElo "1621"]
[WhiteTeam "SV Lingen"]

1. g4 e6 2. d4 d5 3. Nf3 h6 4. Bg2 Nf6 5. h3 Ne4 6. Nbd2 Nxd2 7. Bxd2 Be7 8. c3
Nd7 9. b4 c6 10. a4 b6 11. Qc2 Bb7 12. e4 dxe4 13. Qxe4 Nf6 14. Qe2 O-O 15. O-O
c5 16. Rfe1 Bd5 17. c4 Be4 18. Bc3 cxd4 19. Nxd4 Bxg2 20. Kxg2 Qc8 21. Rac1 
1/2-1/2

[Event "31. DSenEM2019 Gruppe 65+"]
[Site "Radebeul"]
[Date "2019.05.04"]
[Round "9.80"]
[White "Bouma, Jan"]
[Black "Helm, Helga"]
[Result "1-0"]
[BlackElo "1614"]
[BlackTeam "SV Springer Leipzig"]
[EventDate "2019.??.??"]
[PlyCount "97"]
[WhiteElo "1546"]
[WhiteTeam "SF Korbach"]

1. d4 d5 2. c4 Nf6 3. Nc3 e6 4. Nf3 Nc6 5. e3 Bb4 6. a3 Bxc3+ 7. bxc3 O-O 8. Be2
Re8 9. O-O e5 10. cxd5 Nxd5 11. Bb2 e4 12. Ne1 Nf6 13. h3 a6 14. c4 Bf5 15. c5
Qe7 16. Rc1 Rad8 17. g4 Bc8 18. Kh1 Nd5 19. Rg1 Qh4 20. Kg2 f5 21. gxf5 Bxf5
22. Bg4 Rf8 23. Qe2 Rf6 24. Bxf5 Rxf5 25. Nc2 Rdf8 26. Rcf1 Rf3 27. Rh1 Rxf2+
28. Rxf2 Qg5+ 29. Qg4 Qe7 30. Rxf8+ Qxf8 31. Qe6+ Qf7 32. Qxf7+ Kxf7 33. Kf2
Na5 34. Bc1 Nc6 35. Bd2 Nce7 36. Rg1 b6 37. cxb6 cxb6 38. Nb4 Nxb4 39. axb4 Nc6
40. Ra1 Nb8 41. Kg3 g6 42. Kf4 Ke6 43. Kxe4 Kd6 44. d5 Nd7 45. Rxa6 Nf6+ 46.
Kd4 Nxd5 47. Ra7 Nf6 48. e4 Kc6 49. Rf7  1-0